|
|
|
|
| LEADER |
00696nab a2200193 i 4500 |
| 001 |
acta19465 |
| 005 |
20251008112303.0 |
| 008 |
161015s1944 hu o 000 hun d |
| 040 |
|
|
|a SZTE Egyetemi Kiadványok Repozitórium
|b hun
|
| 041 |
|
|
|a hun
|
| 100 |
1 |
|
|a Eperjessy Kálmán
|
| 245 |
1 |
2 |
|a A településtörténet problémái a Délvidéken
|h [elektronikus dokumentum] /
|c Eperjessy Kálmán
|
| 260 |
|
|
|c 1944
|
| 300 |
|
|
|a 395-397
|
| 490 |
0 |
|
|a Délvidéki szemle
|v 3
|
| 650 |
|
4 |
|a Bölcsészettudományok
|
| 650 |
|
4 |
|a Történettudomány és régészet
|
| 695 |
|
|
|a Településtörténet - Délvidék
|
| 856 |
4 |
0 |
|u http://acta.bibl.u-szeged.hu/19465/1/delvideki_szemle_003_395-397.pdf
|z Dokumentum-elérés
|